| 000 | 00649nam a22001577a 4500 | ||
|---|---|---|---|
| 003 | OSt | ||
| 005 | 20151024153108.0 | ||
| 008 | 151024b xxu||||| |||| 00| 0 eng d | ||
| 040 | _cRUA | ||
| 082 | _aAVM VA 2013 B105 Or.1 | ||
| 100 |
_92815 _aVA, SOPHAL. |
||
| 245 | _aSurvey on trev alance of diarrhea on piglet in prehnetpreh dist rict, ba nteaymeanchey provinc, ការអង្កេតរាកកូនជ្រូក នៅស្រុកព្រះនេត្រព្រះ ខេត្តបន្ទាយមានជ័យ. | ||
| 260 |
_aphnom phen _bRUA _c2013 |
||
| 300 |
_aVII,40p. _bill. _c29cm. |
||
| 942 |
_2ddc _cAVM |
||
| 999 |
_c2635 _d2635 |
||